00471nam a2200193 a 4500001001300000003000900013005001700022008004100039020002300080082001300103100001800116245002500134260003300159300000900192500003500201505001000236650001300246700001800259nice12345678IN_TiNIC20260116013038.0050524s1996 newa grp 000 0 eng  a002412141X c35000a200bSMA aSmart, Ninian aReligious Experience aNew York bFree Press c1996 a435p aincludes index and biblioraphy2 aIndex aReligion1 aSmart, Ninian